000 00480nam a2200193Ia 4500
005 20230814120353.0
008 131103s9999 xx 000 0 und d
040 _aLoreto College
041 _aEnglish
082 _a922
_bCAT-WOH
100 _aWohl,Louis de
245 _aLay Siege to Heaven
_cLouis de Wohl
260 _aNew York
_bPopular Library
_c1960
300 _a288 p.
650 _aBiography
651 _aReligious - Biography
850 _aLCLIB
942 _cBK
999 _c13991
_d64470